000 00733nam a22002177a 4500
005 20240930153416.0
008 240315b ||||| |||| 00| 0 eng d
020 _a9789353502898
040 _cAIMIT LIBRARY
082 _22nd
_a005.1372
_bLAMK
100 _aLambert, Kenneth A.
_9154768
245 _aFundamentals of python :
_bfirst programs /
_cBy Kenneth A. Lambert; Martin Osborne.
250 _a2nd ed.
260 _aNew Delhi :
_bCengage Learning India Pvt Ltd ,
_c2022.
300 _axix,476 p.;
_bPB
_c 25 cm.
650 _aLoops and selection statements
_9154769
650 _2Strings and text files
650 _aLists and dictionaries
_9154770
700 _aOsborne, Martin.
_9154771
942 _2ddc
_cBK
_k005.1372 LAMK
999 _c230416
_d230416